00514nam a2200193Ia 4500003000900000008004100009040001300050040001300063041000800076100001900084245009200103250002200195260002300217260000900240300001100249300001200260490004200272490000600314IT-RoPAU120407s9999 xx 000 0 und d aIT-RoPAU cIT-RoPAU aita aAntonio Acerbi aPaolo VI. Il Papa che baciò€ la terra. Un uomo evangelico fra modernità€ e contestaz. aCinisello Balsamo aSan Paolo Edizioni c1997 a164 p. c21.5 cm aTempi e figure, 30 Rilegato+ sovrac. v1